Client-server computing / (Record no. 26678)

MARC details
000 -LEADER
fixed length control field 00916nam a2200253 a 4500
005 - DATE AND TIME OF LATEST TRANSACTION
control field 2009052105365.0
008 - FIXED-LENGTH DATA ELEMENTS--GENERAL INFORMATION
fixed length control field 081121s2009 ii b 001 0 eng
010 ## - LCCN (DPL NO)
LC control number ENG-93658
020 ## - INTERNATIONAL STANDARD BOOK NUMBER
International Standard Book Number 938002309X
Terms of availability 50.00
020 ## - INTERNATIONAL STANDARD BOOK NUMBER
International Standard Book Number 9789380023090
Terms of availability 50.00
035 ## - SYSTEM CONTROL NUMBER
System control number EN-77191
037 ## - SOURCE OF ACQUISITION
Source of stock number/acquisition DBAD / PUB
040 ## - CATALOGING SOURCE
Original cataloging agency dpl
Language of cataloging English
082 ## - DEWEY DECIMAL CLASSIFICATION NUMBER
Classification number 004.36
100 ## - MAIN ENTRY--PERSONAL NAME
Personal name Palaniammal, V.
245 ## - TITLE STATEMENT
Title Client-server computing /
Statement of responsibility, etc by V. Palaniammal
260 ## - PUBLICATION, DISTRIBUTION, ETC. (IMPRINT)
Place of publication, distribution, etc Chennai
Name of publisher, distributor, etc Ozone Books
Date of publication, distribution, etc 2008
270 ## - ADDRESS
Address 138, Sayee Nagar 3rd Street, Virugambakkasm,
City Chennai
Postal code 600092
300 ## - PHYSICAL DESCRIPTION
Extent 112p.
Dimensions 20cm(pbk)
500 ## - GENERAL NOTE
General note Includes bibliographical references
650 ## - SUBJECT ADDED ENTRY--TOPICAL TERM
Topical term or geographic name as entry element Client/server computing
942 ## - ADDED ENTRY ELEMENTS (KOHA)
Source of classification or shelving scheme Dewey Decimal Classification
Item type English Books
Call number suffix PAL
Classification part 004.36
Holdings
Withdrawn status Lost status Source of classification or shelving scheme Damaged status Not for loan Collection code Home library Current library Date acquired Source of acquisition Cost, normal purchase price Total Checkouts Full call number Barcode Date last seen Copy number Cost, replacement price Koha item type
    Dewey Decimal Classification   Not For Loan Non-fiction D.B.Act.Division D.B.Act.Division 21/05/2009 DBAD / PUB 50.00   004.36 PAL EN-77191 21/05/2009 1 50.00 English Books

© Delhi Public Library
Hit Counter
free hit counter